000 01215cam a2200145 4500500
005 20260405085545.0
041 _afre
042 _adc
100 1 0 _aBiard, Michel
_eauthor
700 1 0 _aDupuy, Pascal
_eauthor
245 0 0 _aLa Révolution française : 1787-1804
260 _bArmand Colin,
_c2024.
520 _aLa Révolution française est ici revisitée à la lumière des recherches novatrices qui ont vu le jour depuis la célébration du bicentenaire. L’ouvrage est ordonné selon un plan qui, tout en respectant le récit chronologique, insiste sur certains aspects thématiques. Deux approches ont été particulièrement privilégiées : d’une part, la Révolution est saisie comme une rupture politique majeure, fondamentale pour la construction de la démocratie en France ; d’autre part, elle est replacée dans son environnement international à travers ses singularités et ses influences dans le monde de la fin du XVIIIe siècle. Cet ouvrage, panorama clair et complet, donne à voir et à comprendre l'un des événements majeurs de l'histoire universelle.
856 4 1 _uhttps://shs.cairn.info/la-revolution-francaise-4e-ed--9782200633820?lang=fr&redirect-ssocas=7080
999 _c2198512
_d2198512